La venerable madre Sor Maria de la Santissima Trinidad religiosa de la Tercera Orden de Santo Domingo. Natural de la villa de Arazena, en el arzobispado de Sevilla. Prodigiosa en vida, y admirable en virtudes / escrita por el Padre Fray Antonio de Lorea, colegial en el de Regina Angelorum, de la misma Orden y ciudad ; dada a la estampa por el Lic. D. Bernardo de Lorea Amescua, presbytero su Ermano

Detalles Bibliográficos
Autor principal: Lorea, Antonio de, m. ca. 1687
Otros Autores: Lorea Amescua, Bernardo de, ed
Formato: Libro
Lenguaje:Spanish
Publicado: en Madrid : por Francisco Sacr., 1671.
Materias:
Colección:Banco de datos
Acervo:Biblioteca de la Orden de Carmelitas Descalzas de San José y Santa Teresa de Puebla. Puebla
Descripción Física:[6] h., 296 p., [1] h. ; 4°
Notas:Portada tipográfica con pleca en grabado xilográfico. Encuadernación en pergamino. Ex libris manuscrita en la portada: "es del Convto. de Carmelitas Descalzas de la Puebla"
LEADER 01343nam a22002050004500
035 |a 30 
041 0 |a spa 
100 1 |a Lorea, Antonio de, m. ca. 1687 
245 1 0 |a La venerable madre Sor Maria de la Santissima Trinidad religiosa de la Tercera Orden de Santo Domingo. Natural de la villa de Arazena, en el arzobispado de Sevilla. Prodigiosa en vida, y admirable en virtudes / escrita por el Padre Fray Antonio de Lorea, colegial en el de Regina Angelorum, de la misma Orden y ciudad ; dada a la estampa por el Lic. D. Bernardo de Lorea Amescua, presbytero su Ermano 
260 |a en Madrid : por Francisco Sacr., 1671. 
300 |a [6] h., 296 p., [1] h. ; 4° 
500 |a Portada tipográfica con pleca en grabado xilográfico. Encuadernación en pergamino. Ex libris manuscrita en la portada: "es del Convto. de Carmelitas Descalzas de la Puebla" 
504 |a Al principio de la obra está la fe de erratas 
504 |a Al final de la obra está el índice de capítulos 
600 1 4 |a Hipólita de Jesús Rocaberti-Biografía 
700 1 |a Lorea Amescua, Bernardo de, ed. 
949 |a Fondo Bibliográfico Antiguo de las Carmelitas Descalzas de San José y Santa Teresa, Puebla, Puebla 50 
942 |c CARMELITAS 
943 |g Biblioteca de la Orden de Carmelitas Descalzas de San José y Santa Teresa de Puebla. Puebla 
999 |c 950489  |d 950489